01406nab a22002177a 4500003000400000005001700004008004100021040000700062100002300069245016500092260007300257300001500330500003600345505047900381505008200860650001800942650002700960650002400987650002801011773014901039OSt20251218094419.0190429b xxu||||| |||| 00| 0 spa d cPJ aSaldaño, Darío10aInterfaces neuronales, inteligencia artificial, tecnologías disruptivas y teoría del delito. Los problemas de los delitos de omisión /cDarío Saldaño. cCiudad Autónoma de Buenos Aires :aThomson Reuters La Ley, b2025. ap. 171-193 aCita: TR LALEY AR/DOC/404/2025. aSumario: I. Introducción.— II. Inteligencia artificial y responsabilidad penal.— III. Redes neuronales.— IV. Interfaces neuronales.— V. Acción y omisión.— VI. Fundamentos de los delitos de omisión.— VII. Introducción a los delitos de omisión impropia.— VIII. Cuestiones relevantes de los delitos de omisión.— IX. Definiciones en la doctrina.— X. Algunas cuestiones problemáticas en delitos de omisión y tecnología.— XI. Conclusiones.  tSi te interesa el texto completo, solicitalo a koha@justierradelfuego.gov.ar  0aDERECHO PENAL 0aCIENCIA Y TECNOLOGÍA 0aDELITO DE OMISIÓN 0aINTELIGENCIA ARTIFICIAL0 02658tRevista de derecho penal y criminología. Nº 3 - Abril 2025dCiudad Autónoma de Buenos Aires : Thomson Reuters La Ley, 2017-x00347914